000 01671nam a2200421 c 4500
003 BLK
005 20240623004103.0
008 180409b bul|||||r ||||||| ||bul||
010 _aKNG00101785000
020 _a954-439-714-0
_bиздат.: Слово
040 _aBLK
041 _aBUL
_cBUL
080 _aБългарска литература
_b821.163.2
_x.09
_z821.163.2.09
080 _aБългарска литература
_b821.163.2
_x(092)
_z821.163.2(092)
080 _aБиографии
_b929
_x(497.2)
_z929(497.2)
100 1 _aВасилев, Сава Йорданов
_eпърви автор
_9366714
139 _aВасилев, Сава Йорданов
_bВ 24
245 1 0 _aБългарска литературна класика
_bАнализи и итерпретации
_cСава Йорданов Василев.
257 _aBGR
260 В. Търново
_bСлово
_c2002
_fВ. Търново : Абагар
300 _a288 с.
_c20 см
380 _a82
500 _aОфс. изд. - Библиогр. с. 281-286.
504 _a281-286
650 4 _aБългарска литература - критика
_9241969
650 0 _aПисатели, български
_9241944
650 4 _aПоети, български
_9241945
653 _aбългарска литература
653 _aлитературна критика
653 _aбългарски поети
653 _aбългарски писатели
852 _aЦб 211769
856 4 _qpdf
_u
856 4 _qpdf
_u
942 _cKNG
_n0
_02
944 _aCR
_c01.01.2002
_k
_lCRON CRON
944 _aED
_c21.04.2008
_k
999 _c96880
_d96880